Catálogo

Obra completa : (Registro nro. 63268)

Detalles MARC
000 -LEADER
fixed length control field 00593nam a2200229 u 4500
001 - CONTROL NUMBER
control field 63268
003 - CONTROL NUMBER IDENTIFIER
control field Mx-PuUPA
005 - DATE AND TIME OF LATEST TRANSACTION
control field 20190704132030.0
008 - FIXED-LENGTH DATA ELEMENTS--GENERAL INFORMATION
fixed length control field 150717s2009 xx r 000 0 spa d
020 ## - INTERNATIONAL STANDARD BOOK NUMBER
International Standard Book Number 968-23-2375-4
040 ## - CATALOGING SOURCE
Transcribing agency Mx-PuUPA
082 ## - DEWEY DECIMAL CLASSIFICATION NUMBER
Classification number 860
Item number GON
245 10 - TITLE STATEMENT
Title Obra completa :
Remainder of title Versos y prosa.
250 ## - EDITION STATEMENT
Edition statement Priemera edición
264 ## - PRODUCTION, PUBLICATION, DISTRIBUTION, MANUFACTURE, AND COPYRIGHT NOTICE
Place of production, publication, distribution, manufacture México :
Name of producer, publisher, distributor, manufacturer Siglo Veintiuno
Date of production, publication, distribution, manufacture, or copyright notice 1987
300 ## - PHYSICAL DESCRIPTION
Extent 380 páginas ;
Dimensions 21 cm.
336 ## - CONTENT TYPE
Content type term texto
Source rdacontent
337 ## - MEDIA TYPE
Media type term sin mediación
Source rdamedia
338 ## - CARRIER TYPE
Carrier type term volumen
Source rdacarrier
490 0# - SERIES STATEMENT
Series statement Los once ríos
942 ## - ADDED ENTRY ELEMENTS (KOHA)
Source of classification or shelving scheme Dewey Decimal Classification
Koha item type Libro
Existencias
Withdrawn status Lost status Source of classification or shelving scheme Damaged status Not for loan Collection code Home library Current library Shelving location Date acquired Source of acquisition Total Checkouts Full call number Barcode Date last seen Price effective from Koha item type
    Dewey Decimal Classification     General Tehuacán Tehuacán Sala general 17/07/2015 Compra   860 GON 2002 509880 08/01/2025 17/07/2015 Libro